The Weeknd - Chansons par ordre alphabétique - Statistiques

Statistiques générales
  • Ce quiz a été pris 56 fois
  • Le résultat moyen est 69 sur 149
Statistiques - réponses
Lettres Chansons % Correct
A After Hours
86%
S Starboy (feat. Daft Punk)
86%
H The Hills
86%
S São Paulo (featuring Anitta)
74%
S Save Your Tears
70%
T Take My Breath
70%
B Blinding Lights
67%
C Call Out My Name
67%
E Earned It (de Cinquante Nuances de Grey)
67%
H Heartless
67%
I I Feel It Coming (feat. Daft Punk)
67%
O Often
67%
Z The Zone (feat. Drake)
67%
C Cry For Me
65%
D Die for You
65%
F Faith
65%
H Hurry Up Tomorrow
65%
P Party Monster
65%
X XO / The Host
65%
C Can't Feel My Face
63%
H High for This
63%
H House of Balloons / Glass Table Girls
63%
K Kiss Land
63%
O One of the Girls (feat. Jennie & Lily-Rose Depp)
63%
O Open Hearts
63%
A The Abyss (featuring Lana Del Rey)
63%
M The Morning
63%
T Timeless (featuring Playboi Carti)
63%
A Acquainted
60%
G Gasoline
60%
I In the Night
60%
N Niagara Falls
60%
R Reminder
60%
S Sacrifice
60%
W Wicked Games
60%
I In Your Eyes
58%
L Less Than Zero
58%
S Six Feet Under
58%
S Stargirl Interlude (feat. Lana Del Rey)
58%
V Valerie
58%
W Wake Me Up (featuring Justice)
58%
B Best Friends
56%
M Montreal
56%
O Out of Time
56%
T Take Me Back
56%
P The Party & The After Party
56%
W Without a Warning
56%
C Coming Down
53%
H Hurt You (feat. Gesaffelstein)
53%
I Is There Someone Else?
53%
I I Was Never There (feat. Gesaffelstein)
53%
R Red Terror
53%
T Take Me Back To LA
53%
T Too Late
53%
U Until I Bleed Out
53%
A Alone Again
51%
A Angel
51%
I I Can't Fucking Sing
51%
S Secrets
51%
S Shameless
51%
T Try Me
51%
L A Lonely Night
49%
A As You Are
49%
B Baptized In Fear
49%
D D.D.
49%
H How Do I Make You Love Me?
49%
R Real Life
49%
S Snowchild
49%
W What You Need
49%
E Escape from LA
47%
F False Alarm
47%
O Opening Night
47%
S Sidewalks (feat. Kendrick Lamar)
47%
T Tell Your Friends
47%
B The Birds, Pt. 1
47%
B The Birds, Pt. 2
47%
K The Knowing
47%
W Wanderlust
47%
W Wasted Times
47%
E Echoes of Silence
44%
E Enjoy The Show (featuring Future)
44%
H Hardest to Love
44%
L Losers (featuring Labrinth)
44%
P Popular (feat. Playboi Carti & Madonna)
44%
P Pretty
44%
P Prisoner (feat. Lana Del Rey)
44%
P Privilege
44%
R Rockin'
44%
S Starry Eyes
44%
T True Colors
44%
D Dawn FM
42%
D Drive
42%
G Give Me Mercy
42%
O Ordinary Life
42%
R Reflections Laughing (featuring Travis Scott, Florence + the Machine)
42%
T Thursday
42%
U Until We're Skin & Bones
42%
A Adaptation
40%
A Attention
40%
L Lonely Star
40%
N Nothing Compares
40%
R Rolling Stone
40%
A All I Know (feat. Future)
37%
B Belong to the World
37%
B Big Sleep (featuring Giorgio Moroder)
37%
D Dark Times (feat. Ed Sheeran)
37%
L Live For (feat. Drake)
37%
P Professional
37%
T Tears in the Rain
37%
T The Town
37%
T Twenty Eight
37%
D Dancing in the Flames
35%
L Life of the Party
35%
L Loft Music
35%
F Fill the Void (feat. Lily-Rose Depp & Ramsey)
33%
J Jealous Guy
33%
L Love to Lay
33%
N Next
33%
S Scared to Live
33%
D Don't Break My Heart
30%
G Gone
30%
I I Heard You're Married (feat. Lil Wayne)
30%
L Love in the Sky
30%
R Repeat After Me (interlude)
30%
F Final Lullaby
28%
H Here We Go...Again (feat. Tyler, the Creator)
28%
I I Can't Wait To Get There
28%
M Missed You
28%
N Nothing Without You
28%
O Outside
28%
S Same Old Song (feat. Juicy J)
28%
D Double Fantasy (feat. Future)
26%
H Heaven or Las Vegas
26%
I Initiation
26%
F The Fall
26%
T A Tale by Quincy
23%
G Given Up To Me
23%
K King of The Fall
23%
P Pray for Me (feat. Kendrick Lamar)
23%
L A Lesser Man
21%
D Dollhouse (feat. Lily-Rose Depp)
21%
E Every Angel Is Terrifying
21%
T Till Dawn (Here Comes the Sun)
21%
F False Idols (feat. Lil Baby & Suzanna Son)
19%
L Like a God
16%
P Phantom Regret by Jim
16%
F Family (feat. Suzanna Son)
12%
L The Lure (feat. Mike Dean)
12%
N Nothing Is Lost (You Give Me Strength)
2%
Aucun quiz correspondant
Distribution des résultats
% des personnes avec chaque résultat
Percentile par nombre de réponses
Votre historique - résultats
Vous n’avez pas pris ce quiz